书目信息 |
| 题名: |
屈原赋今译
|
|
| 作者: | 姜亮夫 著 | |
| 分册: | ||
| 出版信息: | 北京 北京出版社 1987 |
|
| 页数: | 220页 | |
| 开本: | 20cm | |
| 丛书名: | 楚辞学五书 | |
| 单 册: | ||
| 中图分类: | I222.4 | |
| 科图分类: | ||
| 主题词: | 楚辞--译文 , 诗歌--中国 , 韵文--中国 | |
| 电子资源: | ||
| ISBN: | 7-200-00146-5 | |
| 000 | 00714nam2 2200277 45 | |
| 001 | 0187003673 | |
| 005 | 20040417131347.8 | |
| 010 | @a7-200-00146-5@dCNY1.60 | |
| 100 | @a19900808d1987 em y0chiy0121 ea | |
| 101 | 0 | @achi |
| 102 | @aCN@b110000 | |
| 105 | @ay z 000gy | |
| 106 | @ar | |
| 200 | 10 | @a屈原赋今译@Aqu yuan fu jin yi@f姜亮夫著 |
| 210 | @a北京@c北京出版社@d1987 | |
| 215 | @a220页@d20cm | |
| 225 | 2 | @a楚辞学五书 |
| 410 | 0 | @120010@a楚辞学五书 |
| 606 | @a楚辞@x译文 | |
| 606 | 0 | @a诗歌@x中国 |
| 606 | 0 | @a韵文@x中国 |
| 690 | @aI222.4 | |
| 701 | 0 | @a姜亮夫@Ajiang liang fu@4著 |
| 801 | 0 | @aCN@b深圳图书馆@c20040417 |
| 801 | 2 | @aCN@bNLC@c20040417 |
| 905 | @f2@b204223-224@dI222.4@e313 | |
| 屈原赋今译/姜亮夫著.-北京:北京出版社,1987 |
| 220页;20cm.-(楚辞学五书) |
| ISBN 7-200-00146-5:CNY1.60 |
| ● |
| 相关链接 |
|
|
|
|
正题名:屈原赋今译
索取号:I222.4/313
 
预约/预借
| 序号 | 登录号 | 条形码 | 馆藏地/架位号 | 状态 | 备注 |
| 1 | 0204223 | 000756729 | 第二借阅区/ [索取号:I222.4/313] | 在馆 | |
| 2 | 0204224 | 000756765 | 第二借阅区/ [索取号:I222.4/313] | 在馆 | |
| 3 | 0204225 | 202084797 | 第一样本阅览室/ [索取号:I222.4/313] | 在馆 |